Podporná SW aplikácia pre meracie zariadenie

Na minha lista:
Detalhes bibliográficos
Autor principal: Hesko, Peter, 1991- (Author)
Outros Autores: Škulavík, Tomáš, 1985- (Thesis advisor)
Formato: Manuscrito Livro
Idioma:eslovaco
Publicado em: 2015
Assuntos:
Acesso em linha:http://is.stuba.sk/zp/portal_zp.pl?podrobnosti=110175
Tags: Adicionar Tag
Sem tags, seja o primeiro a adicionar uma tag!

MARC

LEADER 00000ntm a22000003a 4500
001 stuzp50715
003 SK-STU
005 20160719153636.2
007 ta
008 150427s2015----xo-----f-mn---000-0-slo-d
040 |a STU  |b slo 
041 0 |a slo 
100 1 |a Hesko, Peter,  |d 1991-  |u 066000  |4 aut  |U MTF Materiálovotechnologická fakulta  |T MTF Ústav aplikovanej informatiky, automatizácie a mechatroniky  |X 6500  |U M6000  |Y 86  |7 A000006500 
242 0 1 |a The supporting software application for measuring equipment.  |y eng 
245 1 0 |a Podporná SW aplikácia pre meracie zariadenie 
260 |c 2015 
650 4 |a mikrokontrolér  |2 slo 
650 4 |a Bluetooth  |2 slo 
650 4 |a kalibrácia  |2 slo 
650 4 |a softvérová aplikácia  |2 slo 
650 4 |a software application  |2 eng 
650 4 |a microcontroller  |2 eng 
650 4 |a Bluetooth  |2 eng 
650 4 |a calibration  |2 eng 
700 1 |a Škulavík, Tomáš,  |d 1985-  |4 ths  |X 34937  |7 A000034937 
856 4 |u http://is.stuba.sk/zp/portal_zp.pl?podrobnosti=110175 
996 |c M* DP-12423  |l MMSKP  |s P  |a 0  |w stuzp50715_0001 
SQL |a stuzp50715  |b DDP  |c SLO  |d Podporná SW aplikácia pre meracie zariadenie  |e 6500  |f Hesko, Peter  |g 066000  |h 34937  |i Škulavík, Tomáš  |j 20150602  |k 965  |l 06  |m http://is.stuba.sk/zp/portal_zp.pl?podrobnosti=110175  |n I-AIPP  |o 5.2.14. automatizácia